| 000 | 00363nam a2200145Ia 4500 | ||
|---|---|---|---|
| 008 | 220217s9999||||xx |||||||||||||| ||und|| | ||
| 020 | _a978-81-7554-388-1 | ||
| 082 | _a410 CAR | ||
| 100 | _aCarter, Philip | ||
| 245 | 0 | _aIQ and psychometric tests | |
| 250 | _a2nd | ||
| 260 |
_aKogan Page _bNew Delhi _c2008 |
||
| 300 | _b195 | ||
| 650 | _aGENERAL BOOKS | ||
| 999 |
_c176711 _d176711 |
||